| 000 | 00874cam a2200217 4500 | ||
|---|---|---|---|
| 001 | WB4024-03 | ||
| 008 | 040623n2004 000 0 eng u | ||
| 035 | _a(Sirsi) u126572 | ||
| 245 | 4 | _aThe only way is up for construction | |
| 260 | _c2004 | ||
| 490 |
_aRICS News Service _v 18 June 2004 (1) |
||
| 520 | _aThe KPIs (Key Performance Indicators) for the construction industry have just been released. They show that the headline indicators for client satisfaction were up on 2003, but cost predictability both in design and construction were down. http://www.rics.org/ricscms/bin/show?class=News&te mplate=/includes/shownews.html&id=9273 | ||
| 590 | _aWB | ||
| 590 | _aWB | ||
| 650 | _aKEY PERFORMANCE INDICATORS | ||
| 650 | _aCONSTRUCTION INDUSTRY | ||
| 650 | _aDESIGN | ||
| 650 | _aECONOMIC INDICATORS | ||
| 690 | _aBUILDING AND CONSTRUCTION | ||
| 942 | _n0 | ||
| 999 |
_c117579 _d117579 |
||